| 000 | 00340nam a22001337a 4500 | ||
|---|---|---|---|
| 999 |
_c528377 _d528377 |
||
| 003 | NUST | ||
| 038 | _aMSOHAIL | ||
| 082 |
_a0 _bDOT |
||
| 100 |
_aUS Dept of Transportation _919968 |
||
| 245 | _aInnovation Technology for Accelerated...\ | ||
| 260 |
_aWashington _bUS Dept of Transportation _c2003 |
||
| 300 |
_a74,p: _c27cm |
||
| 942 |
_2ddc _cBK |
||